<?xml version="1.0" encoding="UTF-8"?>
<collection xmlns="http://www.loc.gov/MARC21/slim">
    <record>
        <controlfield tag="001">66842</controlfield>
        <controlfield tag="005">20180223094703.0</controlfield>
        <datafield tag="037" ind1=" " ind2=" ">
            <subfield code="a">GDOC-2016-27721</subfield>
        </datafield>
        <datafield tag="041" ind1=" " ind2=" ">
            <subfield code="a">spa</subfield>
        </datafield>
        <datafield tag="100" ind1=" " ind2=" ">
            <subfield code="0">(orcid)0000-0002-2887-4821</subfield>
            <subfield code="1">135795</subfield>
            <subfield code="a">Álvarez Martínez, Joaquín Agustín</subfield>
        </datafield>
        <datafield tag="245" ind1="0" ind2="0">
            <subfield code="9">27721</subfield>
            <subfield code="a">Derecho financiero y tributario</subfield>
        </datafield>
        <datafield tag="260" ind1=" " ind2=" ">
            <subfield code="a">Zaragoza</subfield>
            <subfield code="b">Universidad de Zaragoza</subfield>
            <subfield code="c">2016-2017</subfield>
        </datafield>
        <datafield tag="520" ind1=" " ind2=" ">
            <subfield code="a">Breve presentación de la asignatura
 
La asignatura centra el objeto de su enseñanza en las instituciones básicas propias de la actividad financiera desarrollada por las Administraciones públicas, con especial atención al tributo, los elementos generales relativos a la imposición y ordenación del mismo y su aplicación. Junto a ello, la asignatura analiza, asimismo, el régimen jurídico al que se encuentran sometidos los procedimientos tributarios de gestión, comprobación, recaudación, de la potestad sancionadora y las diferentes vías de revisión existentes en este ámbito.
Dicha asignatura se encuentra entre las obligatorias para la obtención del título de graduado en Derecho. Consta de 9 ECTS y se imparte en el segundo semestre del curso tercero.</subfield>
            <subfield code="b"> </subfield>
        </datafield>
        <datafield tag="521" ind1=" " ind2=" ">
            <subfield code="9">132</subfield>
            <subfield code="a">Derecho</subfield>
        </datafield>
        <datafield tag="540" ind1=" " ind2=" ">
            <subfield code="a">by-nc-sa</subfield>
            <subfield code="b">Creative Commons</subfield>
            <subfield code="c">3.0</subfield>
            <subfield code="u">http://creativecommons.org/licenses/by-nc-sa/3.0/</subfield>
        </datafield>
        <datafield tag="700" ind1=" " ind2=" ">
            <subfield code="0">(orcid)0000-0001-6314-0543</subfield>
            <subfield code="1">137021</subfield>
            <subfield code="a">García Gómez, Antonio José</subfield>
        </datafield>
        <datafield tag="700" ind1=" " ind2=" ">
            <subfield code="0">(orcid)0000-0003-1100-5061</subfield>
            <subfield code="1">383587</subfield>
            <subfield code="a">Colas Vicente, Joaquín Agustín</subfield>
        </datafield>
        <datafield tag="700" ind1=" " ind2=" ">
            <subfield code="0">(orcid)0000-0001-6730-8796</subfield>
            <subfield code="1">458377</subfield>
            <subfield code="a">Carreras Manero, Olga Berta</subfield>
        </datafield>
        <datafield tag="700" ind1=" " ind2=" ">
            <subfield code="0">(orcid)0000-0002-6188-2866</subfield>
            <subfield code="1">477033</subfield>
            <subfield code="a">Mestre Sentís, María Silvia</subfield>
        </datafield>
        <datafield tag="700" ind1=" " ind2=" ">
            <subfield code="0">(orcid)0000-0003-4274-9207</subfield>
            <subfield code="1">487224</subfield>
            <subfield code="a">De Miguel Arias, Sabina Elisabet</subfield>
        </datafield>
        <datafield tag="830" ind1=" " ind2=" ">
            <subfield code="9">421</subfield>
        </datafield>
        <datafield tag="856" ind1="4" ind2=" ">
            <subfield code="s">18282</subfield>
            <subfield code="u">http://zaguan.unizar.es/record/66842/files/guia-27721-es.pdf</subfield>
            <subfield code="y">Guía (idioma español)</subfield>
        </datafield>
        <datafield tag="856" ind1="4" ind2=" ">
            <subfield code="s">6948</subfield>
            <subfield code="u">http://zaguan.unizar.es/record/66842/files/guia-27721-en.pdf</subfield>
            <subfield code="y">Guide (english)</subfield>
        </datafield>
        <datafield tag="970" ind1=" " ind2=" ">
            <subfield code="a">GDOC-2016-27721</subfield>
        </datafield>
        <datafield tag="980" ind1=" " ind2=" ">
            <subfield code="a">GDOC</subfield>
            <subfield code="b">Ciencias sociales y jurídicas</subfield>
            <subfield code="c">102</subfield>
        </datafield>
    </record>

    
</collection>